000 00568nam a22001817a 4500
005 20251108173437.0
008 250721s2000 xx 000 0 ara d
082 1 4 _a218.621/رسو
100 1 _aرسول، رسول محمد
245 1 0 _aالغرب والإسلام: استدراج التعالي الغربي /
264 1 _aعمان :
_bدار أسامة للنشر والتوزيع،
_c2000.
300 _a112ص.
650 1 7 _aالإسلام
650 1 7 _aالغرب
650 1 7 _aالإصلاح الإجتماعي
942 _2ddc
_cBK
999 _c104021
_d104021